000 00906nam a2200241 i 4500
001 91965
003 ES-MaACL
005 20250820123053.0
007 t|
008 190703s1968 sp ||||1| spa d
100 1 _aBea, Agostino
_cCardinale.
_926763
245 1 3 _aLa Iglesia y la humanidad a la luz del Concilio /
_cCardenal A. Bea ; [traducido por un equipo del Seminario de Castellón, bajo la dirección del Dr. Josep Perarnau].
260 _aMadrid :
_bPenínsula,
_c1968.
300 _a284 p. ;
_c20 cm.
490 1 _aColección Pensamiento Cristiano ;
_v15
650 4 _aUnidad cristiana-
_xIglesia Católica.
_9156785
650 4 _aLibertad religiosa.
_914416
650 0 4 _aPaz-
_xAspectos religiosos.
_915899
700 1 _aPerarnau, Josep,
_d1928-
_990397
830 0 _aColección pensamiento cristiano
_v15
_9179624
852 _aES-MaACL
_jP-618-Ter-12
999 _c91965
_d91965